| 000 | nam a22 7a 4500 | ||
|---|---|---|---|
| 999 |
_c332220 _d332220 |
||
| 003 | NUST | ||
| 005 | 20171120121023.0 | ||
| 008 | 171120b xxu||||| |||| 00| 0 eng d | ||
| 020 | _a8179100715 | ||
| 040 | _c0 | ||
| 082 | _a628.5 TRI | ||
| 100 |
_aTrivedi,Pravin Chandra _96558 |
||
| 245 |
_aEnvironmental Pollution and Management _cPravin Chandra Trivedi |
||
| 260 |
_aIndia _bAavishkar Publishers _c2004 |
||
| 300 | _a358p. | ||
| 500 | _aH.B | ||
| 942 |
_2ddc _cBK _kIESE |
||